Diese Wirkstoffe werden am häufigsten verordnet - Statistiken

Allgemein
  • Dieses Quiz wurde 25 mal gespielt
  • Das Durchschnittsergebnis liegt bei 8 aus 60
Antwortstatistiken
Antwort % Korrekt
Ibuprofen
90%
Paracetamol
67%
Acetylsalicylsäure
29%
Metoprolol
29%
Tilidin
29%
Bisoprolol
24%
Metamizol
24%
Torasemid
24%
Allopurinol
19%
Amlodipin
19%
Amoxicillin
19%
Candesartan
19%
Candesartan / Hydrochlorothiazid
19%
Citalopram
19%
Diclofenac
19%
Furosemid
19%
Levothyroxin
19%
Levothyroxin / Kaliumiodid
19%
Lorazepam
19%
Metformin
19%
Ramipril
19%
Ramipril / Hydrochlorothiazid
19%
Tramadol
19%
Atorvastatin
14%
Azithromycin
14%
Omeprazol
14%
Pantoprazol
14%
Salbutamol
14%
Simvastatin
14%
Lisinopril
10%
Valsartan
10%
Valsartan / Hydrochlorothiazid
10%
Venlafaxin
10%
Amitriptylin
5%
Colecalciferol
5%
Doxycyclin
5%
Moxonidin
5%
Opipramol
5%
Phenprocoumon
5%
Prednisolon
5%
Pregabalin
5%
Quetiapin
5%
Salmeterol / Fluticason
5%
Tamsulosin
5%
Xylometazolin
5%
Zopiclon
5%
Benserazid
0%
Budesonid
0%
Cefuroxim
0%
Ciprofloxacin
0%
Clindamycin
0%
Enalapril
0%
Humaninsulin
0%
Hydrochlorothiazid
0%
Lercanidipin
0%
Levodopa
0%
Metoclopramid
0%
Mirtazapin
0%
Mometason
0%
Phenoxymethylpenicillin (Penicillin V)
0%
Keine übereinstimmenden Quizze gefunden
Verteilung der Resultate
Anzahl Personen mit jedem Resultat
Perzentil nach korrekt beantworteten Fragen
Ihre Resultats-Entwicklung
Sie haben dieses Quiz noch nicht gespielt